Basta dire si /

שמור ב:
מידע ביבליוגרפי
מחבר תאגידי: Coalition for positive sexuality (Author)
פורמט: ספר
שפה:איטלקית
יצא לאור: Roma \etc.! : Theoria, 1996
סדרה:Ritmi ; 23
נושאים:
תגים: הוספת תג
אין תגיות, היה/י הראשונ/ה לתייג את הרשומה!

MARC

LEADER 00000nam a22000007i 4500
001 IT\ICCU\RAV\0268088
003 ItRI
005 20241230161933.0
008 960312s1996 it |||||| ||||| |||||c
020 |a 8824104541 
040 |b ita  |c Arcigay Rimini 
041 7 |a ita  |2 ISO-639-2 
082 |a 613.953  |2 19 
110 2 |a Coalition for positive sexuality  |0 IT\ICCU\RAVV\095247  |4 aut 
240 1 0 |a Just say yes.  |9 Coalition for positive sexuality 
245 0 0 |a Basta dire si /  |c Collettivo per una sessualita positiva. 
260 |a Roma \etc.! :  |b Theoria,  |c 1996 
300 |a 88 p. :  |b ill. ;  |c 18 cm. 
650 7 |a Educazione sessuale 
830 0 |a Ritmi ;  |v 23  |0 IT\ICCU\VIA\0043812 
942 |2 ddc  |c BK 
952 |0 0  |1 0  |2 ddc  |4 0  |6 613_953000000000000_COL_BAS  |7 1  |9 2535  |a RN  |b RN  |d 2024-12-30  |l 0  |o 613.953 COL BAS  |p 9979  |r 2024-12-30 16:20:24  |w 2024-12-30  |y BK 
981 1 |6 z01  |a i   |b xxxe  
982 1 |6 z01  |a n 
999 |c 2201  |d 2201